000 00788nam a22001697a 4500
999 _c64050
_d64050
003 Ge_BSU
005 20260316164317.0
008 260316s1982 ge ||||| |||| 00| 0 geo d
041 _ageo
080 _a334(47+57) ბ-31
100 _aბაუჟაძე, ალექსანდრე
_93874
245 _aკოოპერაციული გეგმა-სოფლად სოციალიზმის გამარჯვების პირობა /
_cალექსანდრე ბაუჟაძე.
264 _aბათუმი :
_bსაბჭოთა აჭარა,
_c1982.
300 _a104 გვ. ;
_b20 სმ.
653 _aსსრ კავშირის კოოპერაციული გეგმა
942 _2udc
_cᲬᲘᲒᲜᲘ